| 000 | 00700nam a2200241 4500 | ||
|---|---|---|---|
| 003 | OSt | ||
| 005 | 20260530113901.0 | ||
| 008 | 260521b1996 |||ao||| |||| 00| 0 eng d | ||
| 040 |
_aICI _bspa _cICI |
||
| 050 |
_aTS171 _bD47 1996 |
||
| 100 | 1 |
_aHenri Viénot _932303 |
|
| 245 | 1 | 0 | _adesign industrie |
| 264 | 1 |
_bEditions de Clermont _c1969 |
|
| 300 | _a80 páginas | ||
| 336 |
_atexto _2rdacontent |
||
| 337 |
_asin medio _2rdamedia |
||
| 338 |
_avolumen _2rdacarrier |
||
| 650 |
_aDiseño industrial _vPublicaciones periódicas _932304 |
||
| 650 |
_aDesarrollo de productos _932305 |
||
| 650 |
_aInnovaciones tecnológicas _932306 |
||
| 650 |
_aManufacturas _xDiseño _932307 |
||
| 942 |
_2lcc _cBK _n1 |
||
| 999 |
_c11783 _d11783 |
||